The elements of user experience: user-centered design for the Web

Guardat en:
Dades bibliogràfiques
Autor principal: Garrett, Jesse James (Autor)
Format: Llibre
Idioma:anglès
Publicat: Nueva York American Institute of Graphics Arts 2002
Edició:1a. ed
Matèries:
Etiquetes: Afegir etiqueta
Sense etiquetes, Sigues el primer a etiquetar aquest registre!

MARC

LEADER 00000nam a2200000 a 4500
001 UCJ2563
003 CL-VaPUC
008 070104e20020000US |||||||||||||||||eng|d
020 |a 0735712026 
082 0 4 |a 005.72  |b GAR  |2 21 
100 0 |a Garrett, Jesse James  |e author  |9 503496 
245 1 4 |a The elements of user experience: user-centered design for the Web 
250 |a 1a. ed 
300 |a 189 p 
942 |c BK 
945 |d 20070104 00:00:00  |a cmena 
260 |a Nueva York  |b American Institute of Graphics Arts  |c 2002 
650 0 |a Páginas web  |x Diseño  |9 436463 
650 0 |a Planificación estratégica   |9 259735 
650 0 |a Empresas   |9 255569 
583 |a last modification  |c 20070104 00:00:00  |k Rodrigo Vera 
999 |c 318764  |d 318762 
952 |0 0  |1 0  |4 0  |6 005_720000000000000_GAR_2002  |7 0  |8 P  |9 396827  |a BIBARQ  |b BIBARQ  |d 2019-11-22  |i 4258002  |l 2  |m 1  |o 005.72 GAR 2002  |p 4258002  |r 2025-01-20  |s 2024-04-22  |w 2019-11-22  |y BK  |k ARQ